<?xml version="1.0" encoding="UTF-8"?>
<record
    xmlns:xsi="http://www.w3.org/2001/XMLSchema-instance"
    xsi:schemaLocation="http://www.loc.gov/MARC21/slim http://www.loc.gov/standards/marcxml/schema/MARC21slim.xsd"
    xmlns="http://www.loc.gov/MARC21/slim">

  <leader>00733cam a22002411  4500</leader>
  <controlfield tag="001">11029</controlfield>
  <controlfield tag="003">BD-RjUL</controlfield>
  <controlfield tag="005">20211208235046.0</controlfield>
  <controlfield tag="008">140126r19691968nyuab    b    001 0 eng d</controlfield>
  <datafield tag="035" ind1=" " ind2=" ">
    <subfield code="a">(BD-RjUL)11078</subfield>
  </datafield>
  <datafield tag="040" ind1=" " ind2=" ">
    <subfield code="a">DLC</subfield>
    <subfield code="c">DLC</subfield>
    <subfield code="d">DLC</subfield>
    <subfield code="d">BD-RjUL</subfield>
    <subfield code="b">eng</subfield>
  </datafield>
  <datafield tag="041" ind1=" " ind2=" ">
    <subfield code="a">eng</subfield>
  </datafield>
  <datafield tag="082" ind1="0" ind2="0">
    <subfield code="a">910.02</subfield>
    <subfield code="b">PEP 1969</subfield>
  </datafield>
  <datafield tag="100" ind1="1" ind2=" ">
    <subfield code="a">Pearson, Ross Norton,</subfield>
    <subfield code="d">1917-</subfield>
    <subfield code="9">34079</subfield>
  </datafield>
  <datafield tag="245" ind1="1" ind2="0">
    <subfield code="a">Physical geography /</subfield>
    <subfield code="c"> Ross Norton Pearson,</subfield>
  </datafield>
  <datafield tag="260" ind1=" " ind2=" ">
    <subfield code="a">New York ;</subfield>
    <subfield code="b">Barnes &amp; Noble ,</subfield>
    <subfield code="c">c1968 [printed 1969]</subfield>
  </datafield>
  <datafield tag="300" ind1=" " ind2=" ">
    <subfield code="a">xiii, 242 p.</subfield>
    <subfield code="b">ill. ;</subfield>
    <subfield code="c">21 cm.</subfield>
  </datafield>
  <datafield tag="490" ind1="0" ind2=" ">
    <subfield code="a">College outline series,</subfield>
    <subfield code="v">no. 74</subfield>
  </datafield>
  <datafield tag="504" ind1=" " ind2=" ">
    <subfield code="a">Includes bibliographies.</subfield>
  </datafield>
  <datafield tag="650" ind1=" " ind2="0">
    <subfield code="a">Physical geography</subfield>
    <subfield code="x">Outlines, syllabi, etc.</subfield>
    <subfield code="9">34080</subfield>
  </datafield>
  <datafield tag="942" ind1=" " ind2=" ">
    <subfield code="2">ddc</subfield>
    <subfield code="c">BK</subfield>
  </datafield>
  <datafield tag="999" ind1=" " ind2=" ">
    <subfield code="c">11029</subfield>
    <subfield code="d">11029</subfield>
  </datafield>
  <datafield tag="952" ind1=" " ind2=" ">
    <subfield code="0">0</subfield>
    <subfield code="1">0</subfield>
    <subfield code="2">ddc</subfield>
    <subfield code="4">0</subfield>
    <subfield code="7">0</subfield>
    <subfield code="8">NFIC</subfield>
    <subfield code="a">RUCL</subfield>
    <subfield code="b">RUCL</subfield>
    <subfield code="c">Stack</subfield>
    <subfield code="d">1973-04-30</subfield>
    <subfield code="e">Dhaka idial</subfield>
    <subfield code="g">18.15</subfield>
    <subfield code="l">0</subfield>
    <subfield code="o">910.02 PEP 1969</subfield>
    <subfield code="r">2014-01-26 00:00:00</subfield>
    <subfield code="t">C-3</subfield>
    <subfield code="w">2014-01-26</subfield>
    <subfield code="y">BK</subfield>
  </datafield>
  <datafield tag="952" ind1=" " ind2=" ">
    <subfield code="0">0</subfield>
    <subfield code="1">0</subfield>
    <subfield code="2">ddc</subfield>
    <subfield code="4">0</subfield>
    <subfield code="7">0</subfield>
    <subfield code="8">NFIC</subfield>
    <subfield code="a">RUCL</subfield>
    <subfield code="b">RUCL</subfield>
    <subfield code="c">Stack</subfield>
    <subfield code="d">1979-04-30</subfield>
    <subfield code="e">Dhaka idial</subfield>
    <subfield code="g">18.15</subfield>
    <subfield code="l">0</subfield>
    <subfield code="o">910.02 PEP 1969</subfield>
    <subfield code="r">2014-01-26 00:00:00</subfield>
    <subfield code="t">C-8</subfield>
    <subfield code="w">2014-01-26</subfield>
    <subfield code="y">BK</subfield>
  </datafield>
  <datafield tag="952" ind1=" " ind2=" ">
    <subfield code="0">0</subfield>
    <subfield code="1">0</subfield>
    <subfield code="2">ddc</subfield>
    <subfield code="4">0</subfield>
    <subfield code="7">0</subfield>
    <subfield code="a">RUCL</subfield>
    <subfield code="b">RUCL</subfield>
    <subfield code="c">Stack</subfield>
    <subfield code="d">1973-04-30</subfield>
    <subfield code="e">Ideal lib.</subfield>
    <subfield code="g">18.15</subfield>
    <subfield code="l">0</subfield>
    <subfield code="o">910.02 PEP 1969</subfield>
    <subfield code="r">2014-01-26 00:00:00</subfield>
    <subfield code="t">C-9</subfield>
    <subfield code="w">2014-01-26</subfield>
    <subfield code="y">BK</subfield>
  </datafield>
  <datafield tag="952" ind1=" " ind2=" ">
    <subfield code="0">0</subfield>
    <subfield code="1">0</subfield>
    <subfield code="2">ddc</subfield>
    <subfield code="4">0</subfield>
    <subfield code="7">1</subfield>
    <subfield code="8">NFIC</subfield>
    <subfield code="a">RUCL</subfield>
    <subfield code="b">RUCL</subfield>
    <subfield code="c">Reading</subfield>
    <subfield code="d">1970-04-30</subfield>
    <subfield code="e">Nowroz kitabisthan, Dacca</subfield>
    <subfield code="g">18.15</subfield>
    <subfield code="l">0</subfield>
    <subfield code="o">910.02 PEP 1969</subfield>
    <subfield code="r">2017-05-17 00:00:00</subfield>
    <subfield code="t">C-1</subfield>
    <subfield code="w">2017-05-17</subfield>
    <subfield code="y">BK</subfield>
  </datafield>
  <datafield tag="952" ind1=" " ind2=" ">
    <subfield code="0">0</subfield>
    <subfield code="1">0</subfield>
    <subfield code="2">ddc</subfield>
    <subfield code="4">0</subfield>
    <subfield code="7">0</subfield>
    <subfield code="8">NFIC</subfield>
    <subfield code="a">RUCL</subfield>
    <subfield code="b">RUCL</subfield>
    <subfield code="c">Stack</subfield>
    <subfield code="d">1970-04-30</subfield>
    <subfield code="e">Nowroz kitabisthan, Dacca</subfield>
    <subfield code="g">18.15</subfield>
    <subfield code="l">0</subfield>
    <subfield code="o">910.02 PEP 1969</subfield>
    <subfield code="r">2017-05-17 00:00:00</subfield>
    <subfield code="t">C-2</subfield>
    <subfield code="w">2017-05-17</subfield>
    <subfield code="y">BK</subfield>
  </datafield>
  <datafield tag="952" ind1=" " ind2=" ">
    <subfield code="0">0</subfield>
    <subfield code="1">0</subfield>
    <subfield code="2">ddc</subfield>
    <subfield code="4">0</subfield>
    <subfield code="7">0</subfield>
    <subfield code="8">NFIC</subfield>
    <subfield code="a">RUCL</subfield>
    <subfield code="b">RUCL</subfield>
    <subfield code="c">Stack</subfield>
    <subfield code="d">1973-04-30</subfield>
    <subfield code="e">Nowroz kitabisthan, Dacca</subfield>
    <subfield code="g">18.15</subfield>
    <subfield code="l">0</subfield>
    <subfield code="o">910.02 PEP 1969</subfield>
    <subfield code="r">2017-05-17 00:00:00</subfield>
    <subfield code="t">C-4</subfield>
    <subfield code="w">2017-05-17</subfield>
    <subfield code="y">BK</subfield>
  </datafield>
  <datafield tag="952" ind1=" " ind2=" ">
    <subfield code="0">0</subfield>
    <subfield code="1">0</subfield>
    <subfield code="2">ddc</subfield>
    <subfield code="4">0</subfield>
    <subfield code="7">0</subfield>
    <subfield code="8">NFIC</subfield>
    <subfield code="a">RUCL</subfield>
    <subfield code="b">RUCL</subfield>
    <subfield code="c">Stack</subfield>
    <subfield code="d">1973-04-30</subfield>
    <subfield code="e">Nowroz kitabisthan, Dacca</subfield>
    <subfield code="g">18.15</subfield>
    <subfield code="l">0</subfield>
    <subfield code="o">910.02 PEP 1969</subfield>
    <subfield code="r">2017-05-17 00:00:00</subfield>
    <subfield code="t">C-5</subfield>
    <subfield code="w">2017-05-17</subfield>
    <subfield code="y">BK</subfield>
  </datafield>
  <datafield tag="952" ind1=" " ind2=" ">
    <subfield code="0">0</subfield>
    <subfield code="1">0</subfield>
    <subfield code="2">ddc</subfield>
    <subfield code="4">0</subfield>
    <subfield code="7">0</subfield>
    <subfield code="8">NFIC</subfield>
    <subfield code="a">RUCL</subfield>
    <subfield code="b">RUCL</subfield>
    <subfield code="c">Stack</subfield>
    <subfield code="d">1973-04-30</subfield>
    <subfield code="e">Nowroz kitabisthan, Dacca</subfield>
    <subfield code="g">18.15</subfield>
    <subfield code="l">0</subfield>
    <subfield code="o">910.02 PEP 1969</subfield>
    <subfield code="r">2017-05-17 00:00:00</subfield>
    <subfield code="t">C-6</subfield>
    <subfield code="w">2017-05-17</subfield>
    <subfield code="y">BK</subfield>
  </datafield>
  <datafield tag="952" ind1=" " ind2=" ">
    <subfield code="0">0</subfield>
    <subfield code="1">0</subfield>
    <subfield code="2">ddc</subfield>
    <subfield code="4">0</subfield>
    <subfield code="7">0</subfield>
    <subfield code="8">NFIC</subfield>
    <subfield code="a">RUCL</subfield>
    <subfield code="b">RUCL</subfield>
    <subfield code="c">Stack</subfield>
    <subfield code="d">1973-04-30</subfield>
    <subfield code="e">Nowroz kitabisthan, Dacca</subfield>
    <subfield code="g">18.15</subfield>
    <subfield code="l">0</subfield>
    <subfield code="o">910.02 PEP 1969</subfield>
    <subfield code="r">2017-05-17 00:00:00</subfield>
    <subfield code="t">C-7</subfield>
    <subfield code="w">2017-05-17</subfield>
    <subfield code="y">BK</subfield>
  </datafield>
  <datafield tag="952" ind1=" " ind2=" ">
    <subfield code="0">0</subfield>
    <subfield code="1">0</subfield>
    <subfield code="2">ddc</subfield>
    <subfield code="4">0</subfield>
    <subfield code="7">0</subfield>
    <subfield code="8">NFIC</subfield>
    <subfield code="a">RUCL</subfield>
    <subfield code="b">RUCL</subfield>
    <subfield code="c">Stack</subfield>
    <subfield code="d">1973-04-30</subfield>
    <subfield code="e">Nowroz kitabisthan, Dacca</subfield>
    <subfield code="g">18.15</subfield>
    <subfield code="l">0</subfield>
    <subfield code="o">910.02 PEP 1969</subfield>
    <subfield code="r">2017-06-14 00:00:00</subfield>
    <subfield code="t">C-10</subfield>
    <subfield code="w">2017-06-14</subfield>
    <subfield code="y">BK</subfield>
  </datafield>
</record>
